000 04116nam a22004095i 4500
001 60441
005 20200226102504.0
007 cr nn 008mamaa
008 170502s2017 gw | s |||| 0|eng d
020 _a9783319558950
_9978-3-319-55895-0
024 7 _a10.1007/978-3-319-55895-0
_2doi
035 _a(DE-He213)978-3-319-55895-0
050 4 _aR1
072 7 _aMB
_2bicssc
072 7 _aMED000000
_2bisacsh
082 0 4 _a610
_223
100 1 _aCleophas, Ton J.
_eauthor.
245 1 0 _aModern Meta-Analysis
_h[electronic resource] :
_bReview and Update of Methodologies /
_cby Ton J. Cleophas, Aeilko H. Zwinderman.
264 1 _aCham :
_bSpringer International Publishing :
_bImprint: Springer,
_c2017.
300 _aXVI, 314 p. 246 illus., 63 illus. in color.
_bonline resource.
336 _atext
_btxt
_2rdacontent
337 _acomputer
_bc
_2rdamedia
338 _aonline resource
_bcr
_2rdacarrier
347 _atext file
_bPDF
_2rda
505 0 _aPreface -- Meta-Analysis in a Nutshell -- Mathematical Fram-ework -- Meta-Analysis and the Scientific Method -- Meta-Analysis and Random Effects Analysis -- Meta-Analysis Software Programs -- Meta-Analysis of Randomized Controlled Trials -- Meta-Analysis of Observational plus Randomized Studies -- Meta-Analysis of Observational Studies -- Meta-Regression -- Meta-Analysis of Diagnostic Studies -- Meta-Meta-Analyses -- Network Meta-Analysis -- Random Intercepts Meta-Analysis -- Probit Regression -- Meta-Analysis with General Loglinear Models -- Meta-Analysis with Variance Components -- Ensembled Correlation Coefficients -- Ensembled Accuracies -- Meta-Analyses with Multivariate Assessments -- Transforming Odds Ratios into Correlation Coefficients -- Meta-Analyses with Direct and Indirect Comparisons -- Contrast Coefficients Meta-Analysis -- Meta-Analysis with Evolutionary Operations.-.
520 _aModern meta-analyses do more than combine the effect sizes of a series of similar studies. Meta-analyses are currently increasingly applied for any analysis beyond the primary analysis of studies, and for the analysis of big data. This 26-chapter book was written for nonmathematical professionals of medical and health care, in the first place, but, in addition, for anyone involved in any field involving scientific research. The authors have published over twenty innovative meta-analyses from the turn of the century till now. This edition will review the current state of the art, and will use for that purpose the methodological aspects of the authors' own publications, in addition to other relevant methodological issues from the literature. Are there alternative works in the field? Yes, there are, particularly in the field of psychology. Psychologists have invented meta-analyses in 1970, and have continuously updated methodologies. Although very interesting, their work, just like the whole discipline of psychology, is rather explorative in nature, and so is their focus to meta-analysis. Then, there is the field of epidemiologists. Many of them are from the school of angry young men, who publish shocking news all the time, and JAMA and other publishers are happy to publish it. The reality is, of course, that things are usually not as bad as they seem. Finally, some textbooks, written by professional statisticians, tend to use software programs with miserable menu programs and requiring lots of syntax to be learnt. This is prohibitive to clinical and other health professionals. The current edition is the first textbook in the field of meta-analysis entirely written by two clinical scientists, and it consists of many data examples and step by step analyses, mostly from the authors' own clinical research. .
650 0 _aMedicine.
650 1 4 _aMedicine & Public Health.
650 2 4 _aMedicine/Public Health, general.
700 1 _aZwinderman, Aeilko H.
_eauthor.
710 2 _aSpringerLink (Online service)
773 0 _tSpringer eBooks
776 0 8 _iPrinted edition:
_z9783319558943
856 4 0 _uhttp://dx.doi.org/10.1007/978-3-319-55895-0
912 _aZDB-2-SME
999 _c5451
_d5451